| 000 | 00675nam a22002177a 4500 | ||
|---|---|---|---|
| 999 |
_c15963 _d15963 |
||
| 003 | AR-CdUCM | ||
| 008 | 190430b ||||| |||| 00| 0 spa d | ||
| 040 |
_aMUNICIPALIDAD PROVINCIAL DEL CUSCO _cBIBLIOTECA MUNICIPAL DEL CUSCO |
||
| 082 |
_a869.56 / _bZ47 |
||
| 100 |
_aZavaleta, Carlos Eduardo _910755 |
||
| 245 | _aLa batalla y otros cuentos / | ||
| 260 |
_aLima : _bLetras peruanas, _c1954. |
||
| 300 |
_a116 páginas ; _c17 cm. |
||
| 500 | _aDonación familia Nieto | ||
| 505 | _aContenido: Cuentos peruanos. | ||
| 650 |
_aCuentos peruanos _97 |
||
| 650 |
_aSiglo XX _98 |
||
| 650 |
_aFamilia Pease Mould _935219 |
||
| 942 |
_2ddc _cLIBROS |
||
| 945 |
_adavv _d30/04/2019 |
||